Human rights law in India: (Record no. 16053)
[ view plain ]
| 000 -LEADER | |
|---|---|
| fixed length control field | 00791nam a22002297a 4500 |
| 005 - DATE AND TIME OF LATEST TRANSACTION | |
| control field | 20230705125822.0 |
| 008 - FIXED-LENGTH DATA ELEMENTS--GENERAL INFORMATION | |
| fixed length control field | 080930t xxu||||| |||| 00| 0 eng d |
| 010 ## - LCCN (DPL NO) | |
| LC control number | ENG-91076 ENG-137089 |
| 020 ## - INTERNATIONAL STANDARD BOOK NUMBER | |
| International Standard Book Number | 9788189915957 |
| Terms of availability | 1380.00 |
| 035 ## - SYSTEM CONTROL NUMBER | |
| System control number | EN-74609 EN-120621 |
| 037 ## - SOURCE OF ACQUISITION | |
| Source of stock number/acquisition | DBAD / PUB |
| 040 ## - CATALOGING SOURCE | |
| Original cataloging agency | DPL |
| 082 ## - DEWEY DECIMAL CLASSIFICATION NUMBER | |
| Classification number | 342.54085 |
| 100 ## - MAIN ENTRY--PERSONAL NAME | |
| Personal name | Bhanwar Lal Harsh |
| 245 ## - TITLE STATEMENT | |
| Title | Human rights law in India: |
| Remainder of title | protection and implementation of the Human Rights Act, 1993/ |
| Statement of responsibility, etc | by Bhanwar Lal Harsh; foreword by N.K. Jain |
| 260 ## - PUBLICATION, DISTRIBUTION, ETC. (IMPRINT) | |
| Place of publication, distribution, etc | New Delhi |
| Name of publisher, distributor, etc | Regal Publications |
| Date of publication, distribution, etc | 2008 |
| 300 ## - PHYSICAL DESCRIPTION | |
| Extent | xx, 397p. |
| Dimensions | 22cm.(Hb) |
| 500 ## - GENERAL NOTE | |
| General note | Includes bibliographical references and index |
| 650 ## - SUBJECT ADDED ENTRY--TOPICAL TERM | |
| Topical term or geographic name as entry element | Human rights |
| Geographic subdivision | India |
| 650 ## - SUBJECT ADDED ENTRY--TOPICAL TERM | |
| Topical term or geographic name as entry element | Civil rights |
| Geographic subdivision | India |
| 942 ## - ADDED ENTRY ELEMENTS (KOHA) | |
| Source of classification or shelving scheme | Dewey Decimal Classification |
| Item type | English Books |
| Classification part | 342.54085 |
| Call number suffix | BHA |
| Withdrawn status | Lost status | Source of classification or shelving scheme | Damaged status | Not for loan | Home library | Current library | Date acquired | Source of acquisition | Cost, normal purchase price | Total Checkouts | Full call number | Barcode | Date last seen | Cost, replacement price | Koha item type | Collection code | Copy number |
|---|---|---|---|---|---|---|---|---|---|---|---|---|---|---|---|---|---|
| Dewey Decimal Classification | Not For Loan | D.B.Act.Division | D.B.Act.Division | 30/09/2008 | DBAD / PUB | 1380.00 | 342.54085 BHA | EN-74609 | 30/09/2008 | 1380.00 | English Books | ||||||
| Dewey Decimal Classification | Narela | Narela | 05/07/2023 | DBAD/PUB | 1380.00 | 342.54085 BHA | EN-120621 | 05/07/2023 | 1380.00 | English Books | Non-fiction | 1 |
